Ιταλία
Αποθηκεύτηκε σε:
| Άλλοι συγγραφείς: | , |
|---|---|
| Μορφή: | Βιβλίο |
| Γλώσσα: | Greek |
| Δημοσίευση: |
[Αθήνα] :
Δομή,
1999.
|
| Έκδοση: | 2η έκδ. |
| Σειρά: | Χρυσοί ταξιδιωτικοί οδηγοί
|
| Θέματα: | |
| Ετικέτες: |
Προσθήκη ετικέτας
Δεν υπάρχουν, Καταχωρήστε ετικέτα πρώτοι!
|
MARC
| LEADER | 00000cam a2200000 i 4500 | ||
|---|---|---|---|
| 001 | 1/100744 | ||
| 008 | 000202s1999 gre d | ||
| 035 | |l 10057400 | ||
| 040 | |a GR-MY-UA |b gre |e aacr | ||
| 041 | 0 | |a gre | |
| 082 | 0 | |a 914.5 | |
| 245 | 1 | 0 | |a Ιταλία / |c μετάφραση Νάσια Ιωάννου ; επιμέλεια-διόρθωση Νέστορας Κούνος. |
| 250 | |a 2η έκδ. | ||
| 260 | |a [Αθήνα] : |b Δομή, |c 1999. | ||
| 300 | |a 288 σ. : |b εικ., χάρτ. ; | ||
| 490 | 1 | |a (Χρυσοί ταξιδιωτικοί οδηγοί) | |
| 504 | |a Περιλαμβάνει ευρετήριο. | ||
| 651 | 0 | |a Italy |x Description and travel |x Guidebooks. | |
| 700 | 1 | |a Ιωάννου, Νάσια, |e trlf | |
| 700 | 1 | |a Κούνος, Νέστορας, |e edt | |
| 830 | 0 | |a Χρυσοί ταξιδιωτικοί οδηγοί | |
| 852 | |a INST |b CHIOS |e 20000202 |h 914.5 ΙΤΑ |p 005200019052 |q 005200019052 |t BK |y 0 | ||
| 901 | |a BIBL2-2000-1 | ||
| 909 | |a Χ |b 072498 | ||
| 922 | |a 2ΕΛΗ |b 199912 |c ΤΔΕ |d ΠΑΠΑΣΩΤΗΡΙΟΥ | ||
| 950 | |a 112-1999-11-17 | ||
| 970 | |a ΣΠΕΝΤΖΑ |b ΕΛΕΝΗ |z 2000/02/04 | ||